| 000 | 00488nam a22001577a 4500 | ||
|---|---|---|---|
| 005 | 20251108164227.0 | ||
| 008 | 250721s1983 xx 000 0 ara d | ||
| 082 | 1 | 4 | _a618.8/تكر |
| 100 | 1 | _aالتكروري، محمد | |
| 245 | 1 | 0 | _aتسكين آلام المخاض و التخدير في عمليات التوليد / |
| 264 | 1 |
_aعمان : _bدار الفرقان : دار عمار، _c1983. |
|
| 300 | _a235ص. | ||
| 650 | 1 | 7 | _aالولادة |
| 942 |
_2ddc _cBK |
||
| 999 |
_c6881 _d6881 |
||